Basic electrical and electronics engineering / (Record no. 82671)

MARC details
000 -LEADER
fixed length control field 00777nam a22002417a 4500
005 - DATE AND TIME OF LATEST TRANSACTION
control field 20140224123802.0
010 ## - LCCN (DPL NO)
LC control number ENG-109374
020 ## - INTERNATIONAL STANDARD BOOK NUMBER
International Standard Book Number 9789381075470
Terms of availability 350.00
035 ## - SYSTEM CONTROL NUMBER
System control number EN-92907
037 ## - SOURCE OF ACQUISITION
Source of stock number/acquisition DBAD/PUB
082 ## - DEWEY DECIMAL CLASSIFICATION NUMBER
Classification number 621.381
100 ## - MAIN ENTRY--PERSONAL NAME
Personal name Subramanyam, P. S.
245 ## - TITLE STATEMENT
Title Basic electrical and electronics engineering /
Statement of responsibility, etc by P. S. Subramanyam, Bhupendra Singh KIrar [and] Seema Kirar
250 ## - EDITION STATEMENT
Edition statement
260 ## - PUBLICATION, DISTRIBUTION, ETC. (IMPRINT)
Place of publication, distribution, etc Hyderabad
Name of publisher, distributor, etc BS Publications
Date of publication, distribution, etc 2011
270 ## - ADDRESS
Address 4-4-309, Giriraj Lane, Sultan Bazar
City Hyderabad
Postal code 500095
300 ## - PHYSICAL DESCRIPTION
Extent xxvii,560p.
Dimensions 24cm(pbk)
500 ## - GENERAL NOTE
General note Includes bibliographical references
700 ## - ADDED ENTRY--PERSONAL NAME
Dates associated with a name Subramanyam, P. S.
700 ## - ADDED ENTRY--PERSONAL NAME
Dates associated with a name Kirar, Bhupendra Singh
700 ## - ADDED ENTRY--PERSONAL NAME
Dates associated with a name Kirar, Seema
942 ## - ADDED ENTRY ELEMENTS (KOHA)
Source of classification or shelving scheme Dewey Decimal Classification
Item type English Books
Call number suffix SUB
Classification part 621.381
Holdings
Withdrawn status Lost status Not for loan Collection code Home library Current library Date acquired Source of acquisition Cost, normal purchase price Full call number Barcode Copy number Cost, replacement price Koha item type
    Not For Loan Non-fiction D.B.Act.Division D.B.Act.Division 24/02/2014 DBAD/PUB 350.00 621.381 SUB EN-92907 1 350.00 English Books

© Delhi Public Library
Hit Counter
free hit counter